| 000 | 00420nam a2200121Ia 4500 | ||
|---|---|---|---|
| 008 | 220615s9999||||xx |||||||||||||| ||und|| | ||
| 245 | 0 |
_aCellular Automata _bInnovative Modelling for Science and Engineering |
|
| 546 | _aEnglish[eng] | ||
| 650 | _aComputer architecture & logic design | ||
| 700 | _aSalcido, Alejandro | ||
| 856 | _uhttps://mts.intechopen.com/storage/books/1540/authors_book/authors_book.pdf | ||
| 942 | _cEB | ||
| 999 |
_c17481 _d17481 |
||